U.S. Chess Federation's official rules of chess / (Record no. 506)
[ view plain ]
| 000 -LEADER | |
|---|---|
| fixed length control field | 01757cam a2200421 a 4500 |
| 005 - DATE AND TIME OF LATEST TRANSACTION | |
| control field | 20260322212022.0 |
| 008 - FIXED-LENGTH DATA ELEMENTS--GENERAL INFORMATION | |
| fixed length control field | data |
| 010 ## - LIBRARY OF CONGRESS CONTROL NUMBER | |
| LC control number | 2003278349 |
| 020 ## - INTERNATIONAL STANDARD BOOK NUMBER | |
| International Standard Book Number | 0812935594 |
| 020 ## - INTERNATIONAL STANDARD BOOK NUMBER | |
| International Standard Book Number | 9780812935592 |
| 040 ## - CATALOGING SOURCE | |
| Original cataloging agency | DLC |
| Transcribing agency | DLC |
| Modifying agency | DLC |
| 043 ## - GEOGRAPHIC AREA CODE | |
| Geographic area code | n-us--- |
| 050 00 - LIBRARY OF CONGRESS CALL NUMBER | |
| Classification number | GV1457 |
| Item number | .U55 2003 |
| 082 00 - DEWEY DECIMAL CLASSIFICATION NUMBER | |
| Classification number | 794.1 |
| Edition information | 22 |
| 092 ## - LOCALLY ASSIGNED DEWEY CALL NUMBER (OCLC) | |
| Classification number | 794.1 Uni 2003 |
| 001 - CONTROL NUMBER | |
| control field | data |
| 240 10 - UNIFORM TITLE | |
| Uniform title | Official rules of chess |
| 245 00 - TITLE STATEMENT | |
| Title | U.S. Chess Federation's official rules of chess / |
| Statement of responsibility, etc. | edited by United States Chess Federation, Tim Just & Daniel B. Burg. |
| 246 3# - VARYING FORM OF TITLE | |
| Title proper/short title | US Chess Federation's official rules of chess |
| 246 3# - VARYING FORM OF TITLE | |
| Title proper/short title | United States Chess Federation's official rules of chess |
| 246 30 - VARYING FORM OF TITLE | |
| Title proper/short title | Official rules of chess |
| 250 ## - EDITION STATEMENT | |
| Edition statement | 5th ed. |
| 260 ## - PUBLICATION, DISTRIBUTION, ETC. | |
| Place of publication, distribution, etc. | New York : |
| Name of publisher, distributor, etc. | Random House Puzzles & Games, |
| Date of publication, distribution, etc. | c2003. |
| 300 ## - PHYSICAL DESCRIPTION | |
| Extent | xxxvii, 370 p. : |
| Other physical details | ill. ; |
| Dimensions | 20 cm. |
| 440 #0 - SERIES STATEMENT/ADDED ENTRY--TITLE | |
| Title | McKay chess library |
| 500 ## - GENERAL NOTE | |
| General note | "This book supersedes the Official rules of chess, first edition, 1974, second edition, 1978, third edition, 1987, and fourth edition, 1993." |
| 500 ## - GENERAL NOTE | |
| General note | Includes index. |
| 610 20 - SUBJECT ADDED ENTRY--CORPORATE NAME | |
| Corporate name or jurisdiction name as entry element | United States Chess Federation. |
| 650 #0 - SUBJECT ADDED ENTRY--TOPICAL TERM | |
| Topical term or geographic name entry element | Chess |
| Form subdivision | Rules. |
| 700 1# - ADDED ENTRY--PERSONAL NAME | |
| Personal name | Just, Tim. |
| 700 1# - ADDED ENTRY--PERSONAL NAME | |
| Personal name | Burg, Daniel B. |
| 710 2# - ADDED ENTRY--CORPORATE NAME | |
| Corporate name or jurisdiction name as entry element | United States Chess Federation. |
| 856 42 - ELECTRONIC LOCATION AND ACCESS | |
| Materials specified | Contributor biographical information |
| Uniform Resource Identifier | <a href="http://www.loc.gov/catdir/bios/random055/2003278349.html">http://www.loc.gov/catdir/bios/random055/2003278349.html</a> |
| 856 42 - ELECTRONIC LOCATION AND ACCESS | |
| Materials specified | Publisher description |
| Uniform Resource Identifier | <a href="http://www.loc.gov/catdir/description/random0413/2003278349.html">http://www.loc.gov/catdir/description/random0413/2003278349.html</a> |
| 906 ## - LOCAL DATA ELEMENT F, LDF (RLIN) | |
| a | 7 |
| b | cbc |
| c | origcop |
| d | 2 |
| e | ncip |
| f | 20 |
| g | y-gencatlg |
| 925 0# - | |
| -- | acquire |
| -- | 2 shelf copies |
| -- | policy default |
| 955 ## - COPY-LEVEL INFORMATION (RLIN) | |
| -- | sj07 2003-12-02; |
| -- | sj04 2003-12-03 to Dewey |
| Withdrawn status | Lost status | Damaged status | Not for loan | Home library | Current library | Shelving location | Date acquired | Total checkouts | Full call number | Barcode | Date last seen | Price effective from | Koha item type |
|---|---|---|---|---|---|---|---|---|---|---|---|---|---|
| Fairview | Fairview | General stacks | 22/03/2026 | 794.1 22 | BC0010517 | 22/03/2026 | 22/03/2026 | Books |